| 000 | 00428nam a2200157Ia 4500 | ||
|---|---|---|---|
| 008 | 230917s9999||||xx |||||||||||||| ||und|| | ||
| 020 | _cRS40 | ||
| 040 |
_e21966 _aMAIN |
||
| 041 | _aEnglish | ||
| 082 | _a301.426 K527P | ||
| 100 | _aKhan, M E | ||
| 245 | 0 | _aPeople's perception about family planning: India :A study of Andhra Pradesh and Bihar | |
| 260 |
_aMew Delhi _bConcept _c1980 |
||
| 300 | _axi, 141 p. | ||
| 942 | _cBK | ||
| 999 |
_c230277 _d230277 |
||